Kirche - Staat - Gesellschaft: Polen in den 90-er Jahren
| Main Author: | |
|---|---|
| Format: | Print Book |
| Language: | German |
| Subito Delivery Service: | Order now. |
| Check availability: | HBZ Gateway |
| WorldCat: | WorldCat |
| Interlibrary Loan: | Interlibrary Loan for the Fachinformationsdienste (Specialized Information Services in Germany) |
| Published: |
Warszawa
Centr. Stosunków Mie̜dzynarodowych Instyt. Spraw. Publ
1996
|
| In: | Year: 1996 |
| Further subjects: | B
Political decision
B Poles B Poles Religion Religious organization Verhältnis Religionsgemeinschaft - Staat Politisch-gesellschaftliches Verhalten Politische Einflussnahme Political decision Relationstechnik Society Konfliktpotential Catholicism Political Catholicism B Political behavior B Political influencing B Relationstechnik B Religion B Political Catholicism B Social behavior B Conflict B State B Catholicism B Religious organization B Society |
MARC
| LEADER | 00000cam a2200000 c 4500 | ||
|---|---|---|---|
| 001 | 243035993 | ||
| 003 | DE-627 | ||
| 005 | 20251106172450.0 | ||
| 007 | tu | ||
| 008 | 980422s1996 pl ||||| 00| ||ger c | ||
| 020 | |a 8390623919 |9 83-906239-1-9 | ||
| 035 | |a (DE-627)243035993 | ||
| 035 | |a (DE-576)256553203 | ||
| 035 | |a (DE-599)GBV243035993 | ||
| 035 | |a (OCoLC)245912964 | ||
| 035 | |a (OCoLC)245912964 | ||
| 035 | |a (DE-615)00660543 | ||
| 040 | |a DE-627 |b ger |c DE-627 |e rakwb | ||
| 041 | |a ger | ||
| 044 | |c XA-PL | ||
| 084 | |a RA05.11 |2 fivr | ||
| 084 | |a SG09 |2 fivs | ||
| 084 | |a 0 |2 ssgn | ||
| 084 | |a MG 92270 |2 rvk |0 (DE-625)rvk/122873:12072 | ||
| 100 | 1 | |8 1\p |0 (DE-588)173033741 |0 (DE-627)697958469 |0 (DE-576)133886573 |4 aut |a Gowin, Jarosław |d 1961- | |
| 109 | |a Gowin, Jarosław 1961- |a Gowin, Jarosław Adam 1961- | ||
| 245 | 1 | 0 | |a Kirche - Staat - Gesellschaft |b Polen in den 90-er Jahren |c Jarosław Gowin |
| 264 | 1 | |a Warszawa |b Centr. Stosunków Mie̜dzynarodowych Instyt. Spraw. Publ |c 1996 | |
| 300 | |a 51 S | ||
| 336 | |a Text |b txt |2 rdacontent | ||
| 337 | |a ohne Hilfsmittel zu benutzen |b n |2 rdamedia | ||
| 338 | |a Band |b nc |2 rdacarrier | ||
| 500 | |a Aus dem Poln. übers | ||
| 583 | 1 | |a Archivierung prüfen |c 20200919 |f DE-640 |z 1 |2 pdager | |
| 601 | |a Gesellschaft | ||
| 650 | 0 | 7 | |0 (DE-588)4049396-9 |0 (DE-627)106187155 |0 (DE-576)209081880 |a Religion |2 gnd |
| 650 | 0 | 7 | |0 (DE-588)4049401-9 |0 (DE-627)106187147 |0 (DE-576)209081899 |a Religionsgemeinschaft |2 gnd |
| 650 | 0 | 7 | |0 (DE-588)4056618-3 |0 (DE-627)106154303 |0 (DE-576)209118288 |a Staat |2 gnd |
| 650 | 0 | 7 | |0 (DE-588)4046588-3 |0 (DE-627)10619755X |0 (DE-576)209070153 |a Politisches Verhalten |2 gnd |
| 650 | 0 | 7 | |0 (DE-588)4055903-8 |0 (DE-627)106156454 |0 (DE-576)209115866 |a Sozialverhalten |2 gnd |
| 650 | 0 | 7 | |0 (DE-588)4131701-4 |0 (DE-627)105693227 |0 (DE-576)209629436 |a Einflussnahme |2 gnd |
| 650 | 0 | 7 | |0 (DE-588)4046531-7 |0 (DE-627)10619769X |0 (DE-576)209069988 |a Politische Entscheidung |2 gnd |
| 650 | 0 | 7 | |0 (DE-588)4049355-6 |0 (DE-627)10618721X |0 (DE-576)209081813 |a Relation |2 gnd |
| 650 | 0 | 7 | |0 (DE-588)4020588-5 |0 (DE-627)106317520 |0 (DE-576)208933956 |a Gesellschaft |2 gnd |
| 650 | 0 | 7 | |0 (DE-588)4032081-9 |0 (DE-627)106262971 |0 (DE-576)208995544 |a Konflikt |2 gnd |
| 650 | 0 | 7 | |0 (DE-588)4030027-4 |0 (DE-627)106272047 |0 (DE-576)20898528X |a Katholizismus |2 gnd |
| 650 | 0 | 7 | |0 (DE-588)4046574-3 |0 (DE-627)106197592 |0 (DE-576)209070110 |a Politischer Katholizismus |2 gnd |
| 650 | 4 | |a Polen |x Religion |x Religionsgemeinschaft |x Verhältnis Religionsgemeinschaft - Staat |x Politisch-gesellschaftliches Verhalten |x Politische Einflussnahme |x Politische Entscheidung |x Relation |x Gesellschaft |x Konfliktpotential |x Katholizismus |x Politischer Katholizismus | |
| 651 | 7 | |0 (DE-588)4046496-9 |0 (DE-627)106197762 |0 (DE-576)209069872 |a Polen |2 gnd | |
| 883 | |8 1\p |a cgwrk |d 20241001 |q DE-101 |u https://d-nb.info/provenance/plan#cgwrk | ||
| 935 | |a mteo | ||
| 935 | |i Blocktest | ||
| 936 | r | v | |a MG 92270 |b Religionen (Staat und Religionen) |k Politologie |k Politische Systeme einzelner Länder |k Europa, Nordamerika |k Osteuropa (ehem. Ostblock) |k Polen |k Interessenverbände, politische Gruppen |k Religionen (Staat und Religionen) |0 (DE-627)1272048055 |0 (DE-625)rvk/122873:12072 |0 (DE-576)202048055 |
| 936 | f | i | |0 (DE-627)1756131716 |a RA05.11 |b Polen |k Europa |k Mitteleuropa |k Polen |2 fivr |
| 936 | f | i | |0 (DE-627)1756136092 |a SG09 |b Religion/Religionsgemeinschaften |k Gesellschaft |k Religion/Religionsgemeinschaften |2 fivs |
| 938 | 1 | 0 | |0 (DE-627)1756150702 |0 (DE-615)6602816 |a Polen |2 fivt |
| 938 | 1 | 0 | |0 (DE-627)1756142769 |0 (DE-615)6603915 |a Religion |2 fivt |
| 938 | 1 | 0 | |0 (DE-627)1756170991 |0 (DE-615)6607192 |a Religionsgemeinschaft |2 fivt |
| 938 | 1 | 0 | |0 (DE-627)1756201234 |0 (DE-615)6600611 |a Staat |2 fivt |
| 938 | 1 | 0 | |0 (DE-627)1756163995 |0 (DE-615)6601937 |a Soziales Verhalten |2 fivt |
| 938 | 1 | 0 | |0 (DE-627)1756236410 |0 (DE-615)6607710 |a Politische Einflussnahme |2 fivt |
| 938 | 1 | 0 | |0 (DE-627)1756190038 |0 (DE-615)6607311 |a Politische Entscheidung |2 fivt |
| 938 | 1 | 0 | |0 (DE-627)1756189048 |0 (DE-615)6606216 |a Relation |2 fivt |
| 938 | 1 | 0 | |0 (DE-627)1756141304 |0 (DE-615)6603816 |a Gesellschaft |2 fivt |
| 938 | 1 | 0 | |0 (DE-627)1756166641 |0 (DE-615)6602632 |a Konflikt |2 fivt |
| 938 | 1 | 0 | |0 (DE-627)1756174695 |0 (DE-615)6608149 |a Katholizismus |2 fivt |
| 938 | 1 | 0 | |0 (DE-627)1756142718 |0 (DE-615)6603924 |a Politischer Katholizismus |2 fivt |
| 951 | |a BO | ||
| ELC | |b 1 | ||
| LOK | |0 000 xxxxxcx a22 zn 4500 | ||
| LOK | |0 001 4426304482 | ||
| LOK | |0 003 DE-627 | ||
| LOK | |0 004 243035993 | ||
| LOK | |0 005 20231219173358 | ||
| LOK | |0 008 231205||||||||||||||||ger||||||| | ||
| LOK | |0 040 |a DE-Tue135 |c DE-627 |d DE-Tue135 | ||
| LOK | |0 092 |o n | ||
| LOK | |0 852 |a DE-Tue135 | ||
| LOK | |0 852 1 |9 00 | ||
| LOK | |0 935 |a fivi | ||
| LOK | |0 939 |a 05-12-23 |b l01 | ||
| ORI | |a SA-MARC-ixtheoa001.raw | ||
| REL | |a 1 | ||
| STA | 0 | 0 | |a Catholicism,Catholicism,Conflict,Conflict,Clash,Poles,Poland,Polish people,Political Catholicism,Catholicism,Politics,Political behavior,Political decision,Political influencing,Relationstechnik,Relation,Relation (law),Relation,Religion,Religion in literature,Religions,Religion,Religious organization,Religious society,Religion,Denomination,Social behavior,Social behavior,Social behavior in animals,Society,Society,Society in art,State,Country,State, The, in literature,State, The, in art |
| STB | 0 | 0 | |a Catholicisme politique,Catholicisme,Catholicisme,Communauté religieuse,Comportement social,Comportement social,Comportement social des animaux,Conflit,Conflit,Décision politique,Polonais,Pratique politique,Comportement politique,Comportement politique,Prise d'influence,Relation,Relation,Religion,Religions,Religion,Société,Société,État,État |
| STC | 0 | 0 | |a Catolicismo político,Catolicismo,Catolicismo,Comportamiento político,Comportamiento social,Comportamiento social,Comunidad religiosa,Conflicto,Conflicto,Decisión política,Estado,Estado,Polacos,Relación,Relación,Religión,Religión,Religión,Sociedad,Sociedad,Sociedad,Tomada de influencia |
| STD | 0 | 0 | |a Cattolicesimo politico,Cattolicesimo,Cattolicesimo,Comportamento politico,Comportamento sociale,Comportamento sociale,Comunità religiosa,Conflitto,Conflitto,Decisione politica,Influenza,Ingerenza,Ingerenza,Polacchi,Relazione,Relazione,Religione,Religione,Religione,Società,Società,Stato,Stato |
| STE | 0 | 0 | |a 关系,关系,联系,冲突,冲突,纠纷,争执,纠纷,争执,国家,天主教,天主教,罗马公教,罗马公教,宗教,宗教,宗教团体,影响力,影响力控制,施加影响,政治行为,泛政治天主教,波兰,社会,社会行为,社会行为,社会性行为,社会性行为 |
| STF | 0 | 0 | |a 國家,天主教,天主教,羅馬公教,羅馬公教,宗教,宗教,宗教團體,影響力,影響力控制,施加影響,政治行為,泛政治天主教,波蘭,社會,社會行為,社會行為,社會性行為,社會性行為,衝突,衝突,糾紛,爭執,糾紛,爭執,關係,關係,聯係 |
| STG | 0 | 0 | |a Catolicismo político,Catolicismo,Catolicismo,Comportamento político,Comportamento social,Comportamento social,Comunidade religiosa,Conflito,Conflito,Decisão política,Estado,Estado,Poloneses,Relação,Relação,Religião,Religião,Sociedade,Sociedade,Tomada de influência |
| STH | 0 | 0 | |a Воздействие,Государство (мотив),Государство,Католицизм (мотив),Католицизм,Конфликт (мотив),Конфликт,Общество (мотив),Общество,Политический католицизм,Политическое поведение,Политическое решение,Поляки (народ),Религиозная община,Религия,Религия (мотив),Соотношение (право),Соотношение,Социальное поведение (мотив),Социальное поведение |
| STI | 0 | 0 | |a Επιρροή,Παρέμβαση,Θρησκεία,Θρησκεία (μοτίβο),Θρησκευτική κοινότητα,Καθολικισμός (μοτίβο),Καθολικισμός,Κοινωνία (μοτίβο),Κοινωνία,Κοινωνική συμπεριφορά (μοτίβο),Κοινωνική συμπεριφορά,Κράτος (μοτίβο),Κράτος,Πολιτική απόφαση,Πολιτική συμπεριφορά,Πολιτικός Καθολικισμός,Πολωνοί,Σχέση <δίκαιο>,Σχέση <φιλοσοφία>,Συσχέτιση (φιλοσοφία),Συσχέτιση (δίκαιο),Σύγκρουση (μοτίβο),Σύγκρουση |
| SUB | |a REL | ||
| SYE | 0 | 0 | |a Religion,Mystik,Mythologie , Religious community,Glaubensgemeinschaft,Religiöse Vereinigung,Scientology,Sekte,Religionsgenossenschaft,Religionsgesellschaft,Religionsgemeinschaften , Land,Staatswesen,Staaten , Politik , Soziale Verhaltensweisen,Soziales Verhalten , Politische Einflussnahme,Politische Beeinflussung , Entscheidung,Politischer Entscheidungsprozess , Strassburger Zeitung,Strassburger Relation , Relationstechnik,Relationsmethode,Relationstabelle,Aktenspiegel,Scott schedule , Society,Bürgergesellschaft,Bürgerliche Gesellschaft , Konfliktdarstellung,Conflict,Konflikte , Katholiken , Polen,Polen,Poland , Generalgouvernement Polen,Polska,Rzeczpospolita Polska,Polska Rzeczpospolita Ludowa,Poland,Pologne,République Polonaise,Generalne Gubernatorstwo w Polsce,Polish People's Republic,Polska Rzeczpospolita,PRL,RP,Polen,Polska,Besetzte Polnische Gebiete,Besetztes Gebiet in Polen,Okupowane Polskie Obszary,Obszary Okupowane w Polsce,Volksrepublik Polen,Polska Rosyjska,Republic Polen,Respublika Pol'ša,Pol'skaja Narodnaja Respublika,République de Pologne,Polen Links der Weichsel,Polska po Lewej Stronie Wisły,Lenkija,Polija,Gubernija Carstva Pol'skago,Republik Polen |
| SYF | 0 | 0 | |a Polen,Polen,Poland , Generalgouvernement Polen,Polska,Rzeczpospolita Polska,Polska Rzeczpospolita Ludowa,Poland,Pologne,République Polonaise,Generalne Gubernatorstwo w Polsce,Polish People's Republic,Polska Rzeczpospolita,PRL,RP,Polen,Polska,Besetzte Polnische Gebiete,Besetztes Gebiet in Polen,Okupowane Polskie Obszary,Obszary Okupowane w Polsce,Volksrepublik Polen,Polska Rosyjska,Republic Polen,Respublika Pol'ša,Pol'skaja Narodnaja Respublika,République de Pologne,Polen Links der Weichsel,Polska po Lewej Stronie Wisły,Lenkija,Polija,Gubernija Carstva Pol'skago,Republik Polen |



